Bases farmacológicas de la terapéutica / (Record no. 75135)

MARC details
000 -LEADER
campo de control de longitud fija 00587nam a2200181 i 4500
001 - NÚMERO DE CONTROL
campo de control 75135
003 - IDENTIFICADOR DE NÚMERO DE CONTROL
campo de control ES-MaACL
005 - FECHA Y HORA DE LA ÚLTIMA TRANSACCIÓN
campo de control 20230906172339.0
007 - CAMPO FIJO DE DESCRIPCIÓN FÍSICA--INFORMACIÓN GENERAL
campo de control de longitud fija t|
008 - DATOS DE LONGITUD FIJA--INFORMACIÓN GENERAL
campo de control de longitud fija 040922s1979 sp ||||1| spa d
245 00 - MENCIÓN DEL TÍTULO
Título Bases farmacológicas de la terapéutica /
Mención de responsabilidad, etc. dirigido por Louis S. Goodman ; traducido por Roberto Espinosa Zarza.
250 ## - MENCION DE EDICION
Mención de edición 5ª ed.
260 ## - PUBLICACIÓN, DISTRIBUCIÓN, ETC.
Lugar de publicación, distribución, etc. [Madrid] :
Nombre del editor, distribuidor, etc. Interamericana,
Fecha de publicación, distribución, etc. [1979]
300 ## - DESCRIPCIÓN FÍSICA
Extensión XVI, 1412 p. :
Otras características físicas il. ;
Dimensiones 26 cm.
700 1# - ENTRADA AGREGADA--NOMBRE PERSONAL
Nombre de persona Goodman, Louis Sanford.
9 (RLIN) 59107
700 1# - ENTRADA AGREGADA--NOMBRE PERSONAL
Nombre de persona Espinosa Zarza, Roberto.
9 (RLIN) 47924
852 ## - LOCALIZACIÓN
Ubicación ES-MaACL
Número de control de estantería F-6720
Sublocalización o colección R.100127
Holdings
Estatus retirado Estado de pérdida Estado de daño No para préstamo Biblioteca de origen Biblioteca actual Ubicación en estantería Fecha de adquisición Fuente de adquisición Total de préstamos Signatura topográfica completa Código de barras Visto por última vez Precio de reemplazo Tipo de ítem Koha
        Biblioteca del Ateneo de Madrid Biblioteca del Ateneo de Madrid Depósito 2 17/01/2008     F-6720 1078641 23/02/2023 23/02/2023 Libro impreso